000 00595nam a2200193 a 4500
001 000010195
005 20240412074216.0
008 091005s1960 dr 001 p spa d
040 _aDO-SdBNP
_bspa
_cBNPHU
082 _aRD861.44
_bH558c
100 _aHernández Rueda, Lupo,
_d1930-2017
_923790
245 1 0 _aComo naciendo aún /
_cLupo Hernández Rueda.
260 _aSanto Domingo :
_bImpresora Arte y Cine,
_c1960.
300 _a113 p. ;
_c22 cm.
650 0 _aPoesía dominicana
_966
650 0 _aLiteratura dominicana.
_967
910 _aValidado. Control de calidad BNPHU
049 _aBNPD
999 _c9954
_d9954